00363pab a2200133 454500008004000000100002100040245006500061260000900126300001100135362000900146650002000155700002100175773003300196180718b2000 xxu||||| |||| 00| 0 eng d aBeckman, Sara L. aThe business of health care concerns us all: an introduction c2000 ap.9-12 aFall aHealth services aKalz, Michael L. aCalifornia Management Review